[Event "Turniej open"]
[Site "Ostroda"]
[Date "2011.08.04"]
[Round "1.1"]
[White "Bugalski, Michal"]
[Black "Ludwinski, Daniel"]
[Result "1-0"]
[WhiteElo "2240"]
[BlackElo "1807"]
[PlyCount "55"]
[EventDate "2011.??.??"]

1. f4 d5 2. Nf3 Nf6 3. g3 g6 4. Bg2 Bg7 5. O-O O-O 6. d3 b6 7. Qe1 Bb7 8. c3 e6
9. h3 Nbd7 10. g4 c5 11. Qf2 Qc7 12. Na3 a6 13. Nc2 Rac8 14. Bd2 b5 15. Rae1
Ne8 16. f5 e5 17. e4 dxe4 18. dxe4 Nd6 19. Qh4 Nxe4 20. Rxe4 Bxe4 21. Ng5 Nf6
22. Nxe4 Nxe4 23. Bxe4 Rcd8 24. Bg5 Rd6 25. Ne3 Qd7 26. Be7 g5 27. Bxg5 Re8 28.
f6 1-0

[Event "Turniej open"]
[Site "Ostroda"]
[Date "2011.08.04"]
[Round "1.2"]
[White "Przybylowicz, Kazimierz"]
[Black "Vorobyov, Yrij"]
[Result "1/2-1/2"]
[WhiteElo "1806"]
[BlackElo "2210"]
[PlyCount "51"]
[EventDate "2011.??.??"]

1. e4 c5 2. Nf3 a6 3. d4 cxd4 4. Nxd4 Nf6 5. Bd3 e5 6. Nb3 d5 7. exd5 Qxd5 8.
O-O Be7 9. Nc3 Qd8 10. Qe2 Nc6 11. Bg5 Bg4 12. f3 Bh5 13. Rad1 Qc8 14. Bxf6
gxf6 15. Nd5 Bd8 16. Qe3 O-O 17. Qh6 Bg6 18. Kh1 b6 19. Nc1 Nd4 20. g4 Re8 21.
c3 Nc6 22. Ne2 Re6 23. Bf5 Qb7 24. Ng3 Be7 25. Nxe7+ Qxe7 26. Bxe6 1/2-1/2

[Event "Turniej open"]
[Site "Ostroda"]
[Date "2011.08.04"]
[Round "1.3"]
[White "Budrewicz, Krzysztof"]
[Black "Wilmanowicz, Slawomir"]
[Result "1-0"]
[WhiteElo "2194"]
[BlackElo "1800"]
[PlyCount "91"]
[EventDate "2011.??.??"]

1. d4 e6 2. c4 g6 3. e4 Bg7 4. Nc3 Ne7 5. Nf3 O-O 6. h4 h5 7. Bg5 f6 8. Be3 d6
9. Qd2 e5 10. O-O-O exd4 11. Nxd4 Nbc6 12. Nd5 Nxd5 13. Nxc6 bxc6 14. cxd5 c5
15. Bh6 Qe7 16. Bxg7 Kxg7 17. Bd3 Rb8 18. Rde1 Rb4 19. Qc2 Qe5 20. g3 Bd7 21.
f4 Qd4 22. Qc3 Qxc3+ 23. bxc3 Ra4 24. Rh2 Rb8 25. Rb2 Rb6 26. e5 fxe5 27. fxe5
Rxb2 28. Kxb2 dxe5 29. Rxe5 Kf6 30. Re3 c4 31. Bf1 c6 32. d6 Be6 33. Re4 Ra5
34. Bxc4 Bxc4 35. Rxc4 c5 36. Rf4+ Ke6 37. Kb3 Ra6 38. Kc4 Rxd6 39. a4 Rd1 40.
Rf3 Ra1 41. Kb5 Ra3 42. a5 Ke5 43. Re3+ Kd6 44. Ka6 Kd5 45. c4+ Kxc4 46. Rxa3
1-0

[Event "Turniej open"]
[Site "Ostroda"]
[Date "2011.08.04"]
[Round "1.5"]
[White "Zielinski, Stanislaw"]
[Black "Grota, Mateusz"]
[Result "1-0"]
[WhiteElo "2155"]
[BlackElo "1795"]
[PlyCount "65"]
[EventDate "2011.??.??"]

1. e4 e5 2. Nf3 Nc6 3. Bc4 Nf6 4. d4 exd4 5. e5 d5 6. Bb5 Ne4 7. Nxd4 Bd7 8.
Bxc6 bxc6 9. O-O Be7 10. Be3 O-O 11. Nd2 Nc5 12. f4 f6 13. Qe2 Qc8 14. h3 fxe5
15. fxe5 Ne6 16. Nf5 Rxf5 17. Rxf5 Nd4 18. Bxd4 Bxf5 19. Nb3 a5 20. a4 Qe8 21.
Kh2 Rb8 22. Bc3 Qg6 23. Nd4 Be4 24. Qg4 Bg5 25. Rf1 h5 26. Qg3 Qh6 27. h4 Be3
28. Rf6 Qh7 29. Rxc6 Bc1 30. Rxc7 Qh6 31. Ne6 g5 32. Nxg5 Qg6 33. Nxe4 1-0

[Event "Turniej open"]
[Site "Ostroda"]
[Date "2011.08.04"]
[Round "1.6"]
[White "Smieszek, Wojciech"]
[Black "Lewandowski, Krzysztof"]
[Result "0-1"]
[WhiteElo "1786"]
[BlackElo "2140"]
[PlyCount "86"]
[EventDate "2011.??.??"]

1. e4 Nf6 2. e5 Nd5 3. d4 d6 4. Nf3 g6 5. Bc4 Nb6 6. Bb3 Bg7 7. O-O O-O 8. a4
a5 9. Nc3 Nc6 10. exd6 cxd6 11. Be3 Bg4 12. Nb5 d5 13. h3 Bf5 14. c3 Rc8 15.
Bc2 Bxc2 16. Qxc2 Qd7 17. Rfe1 Nd8 18. Bf4 Nc4 19. b3 Ne6 20. Bg3 Nb6 21. Ne5
Qd8 22. Qe2 Nc7 23. Rac1 Nba8 24. Ng4 Re8 25. Be5 f6 26. Bf4 Qd7 27. Nxc7 Nxc7
28. c4 h5 29. Ne3 e5 30. dxe5 fxe5 31. Bg5 d4 32. Nf1 Ne6 33. h4 Nc5 34. Nd2 e4
35. Rcd1 d3 36. Qe3 Bd4 37. Qg3 Qf5 38. Be3 Ne6 39. f3 exf3 40. Nxf3 Bxe3+ 41.
Rxe3 Nf4 42. Qf2 Qg4 43. Rd2 Nh3+ 0-1

[Event "Turniej open"]
[Site "Ostroda"]
[Date "2011.08.04"]
[Round "1.7"]
[White "Gorecka, Joanna"]
[Black "Szymanowski, Mateusz"]
[Result "0-1"]
[WhiteElo "2113"]
[BlackElo "1783"]
[PlyCount "116"]
[EventDate "2011.??.??"]

1. e4 c5 2. Nf3 d6 3. d4 cxd4 4. Nxd4 Nf6 5. Nc3 a6 6. a4 e5 7. Nb3 Be6 8. Be2
Nbd7 9. Be3 Be7 10. O-O O-O 11. Kh1 Rc8 12. Nd2 Qc7 13. f4 exf4 14. Bxf4 Ne5
15. Nf3 Rfd8 16. Nd4 Kh8 17. a5 Nc4 18. Nxe6 fxe6 19. Bxc4 Qxc4 20. Qd3 d5 21.
Qxc4 Rxc4 22. exd5 Nxd5 23. Nxd5 exd5 24. c3 Bf6 25. Rad1 d4 26. cxd4 Rcxd4 27.
Rxd4 Bxd4 28. g3 Kg8 29. Rc1 Rd7 30. b3 Kf7 31. Kg2 Ke6 32. Rc4 Be5 33. Re4 Rd5
34. b4 Kf5 35. Rc4 Bxf4 36. Rxf4+ Ke6 37. Kf3 Rf5 38. Rxf5 Kxf5 39. h3 g5 40.
Ke3 Ke5 41. Kf3 h5 42. Ke3 Kd5 43. Kd3 Ke5 44. Ke3 Kf5 45. Kf3 g4+ 46. hxg4+
hxg4+ 47. Ke3 Ke5 48. Kd3 Kd5 49. Ke3 Kc4 50. Kf4 Kxb4 51. Kxg4 Kxa5 52. Kf4 b5
53. g4 b4 54. Ke3 Ka4 55. g5 b3 56. g6 b2 57. g7 b1=Q 58. g8=Q Qb3+ 0-1

[Event "Turniej open"]
[Site "Ostroda"]
[Date "2011.08.04"]
[Round "1.8"]
[White "Prominski, Piotr"]
[Black "Kobus, Sebastian"]
[Result "0-1"]
[WhiteElo "1783"]
[BlackElo "2104"]
[PlyCount "104"]
[EventDate "2011.??.??"]

1. e4 e5 2. Nf3 Nf6 3. Nxe5 d6 4. Nf3 Nxe4 5. c4 Bg4 6. Be2 Be7 7. d4 O-O 8.
O-O Nc6 9. d5 Nb8 10. Na3 Nd7 11. Nc2 Bf6 12. Re1 Nec5 13. Rb1 a5 14. Be3 Bf5
15. Nfd4 Bg6 16. f4 Re8 17. Bf2 Be4 18. b3 Bxc2 19. Qxc2 Ne4 20. Be3 Ndc5 21.
Bf3 g6 22. a3 Ng3 23. Bf2 Bxd4 24. Bxd4 Nf5 25. Bb2 f6 26. Qc3 Nd7 27. g4 Ng7
28. g5 Rf8 29. Bg4 h5 30. gxh6 Ne8 31. Re2 c6 32. Rbe1 cxd5 33. Be6+ Kh8 34.
Bxd5 Nc7 35. Bg2 Rf7 36. Qd3 Nf8 37. Be4 Nce6 38. Qf3 Nc7 39. Bc2 Kh7 40. Qh5
Qd7 41. Rg2 f5 42. Qh3 Re8 43. Rge2 Rxe2 44. Rxe2 Nfe6 45. Qc3 Rf8 46. Qf3 Ne8
47. Qe3 N8c7 48. Rd2 Qe7 49. Rg2 Qh4 50. Bg7 Re8 51. Qc3 Nxf4 52. Qg3 Nxg2 0-1

[Event "Turniej open"]
[Site "Ostroda"]
[Date "2011.08.04"]
[Round "1.9"]
[White "Zielinski, Wojciech"]
[Black "Wodzynski, Mieszko"]
[Result "1-0"]
[WhiteElo "2097"]
[BlackElo "1776"]
[PlyCount "43"]
[EventDate "2011.??.??"]

1. b3 e5 2. Bb2 Nc6 3. e3 f5 4. c4 Nf6 5. Be2 Be7 6. Nf3 d6 7. d4 e4 8. Nfd2
O-O 9. Nc3 Qe8 10. a3 a5 11. Qc2 Qg6 12. g3 Bd7 13. O-O-O Rfb8 14. Rdg1 Na7 15.
g4 Qf7 16. gxf5 Bxf5 17. Ndxe4 Nxe4 18. Nxe4 b5 19. d5 g6 20. Bg4 Bxg4 21. Rxg4
bxc4 22. Qc3 1-0

[Event "Turniej open"]
[Site "Ostroda"]
[Date "2011.08.05"]
[Round "2.1"]
[White "Le Diouron, Aurelie"]
[Black "Bugalski, Michal"]
[Result "0-1"]
[WhiteElo "1975"]
[BlackElo "2240"]
[PlyCount "50"]
[EventDate "2011.??.??"]

1. d4 Nf6 2. Nc3 d5 3. e4 dxe4 4. f3 exf3 5. Nxf3 Bg4 6. h3 Bh5 7. g4 Bg6 8.
Ne5 e6 9. Qf3 c6 10. Be3 Bb4 11. Nxg6 hxg6 12. Bc4 Nd5 13. O-O O-O 14. Ne4 Nxe3
15. Qxe3 Nd7 16. Rxf7 Kxf7 17. Ng5+ Kg8 18. Qxe6+ Kh8 19. Qxg6 Nf6 20. Ne6 Qd7
21. c3 Qf7 22. Qd3 Nd5 23. Ng5 Qf2+ 24. Kh1 Qh4 25. Ne6 Rf6 0-1

[Event "Turniej open"]
[Site "Ostroda"]
[Date "2011.08.05"]
[Round "2.3"]
[White "Uscinski, Marek"]
[Black "Zielinski, Stanislaw"]
[Result "0-1"]
[WhiteElo "1882"]
[BlackElo "2155"]
[PlyCount "38"]
[EventDate "2011.??.??"]

1. Nf3 Nf6 2. d4 g6 3. g3 Bg7 4. Bg2 O-O 5. O-O d6 6. Nbd2 c5 7. dxc5 dxc5 8.
c3 Nc6 9. Nc4 Be6 10. Nce5 Nxe5 11. Nxe5 Bd5 12. Be3 Bxg2 13. Qxd8 Rfxd8 14.
Kxg2 Nd5 15. Nf3 Nxe3+ 16. fxe3 Rd6 17. Rad1 Rad8 18. Rxd6 Rxd6 19. g4 Rb6 0-1

[Event "Turniej open"]
[Site "Ostroda"]
[Date "2011.08.05"]
[Round "2.5"]
[White "Kobus, Sebastian"]
[Black "Bartosik, Piotr"]
[Result "1-0"]
[WhiteElo "2104"]
[BlackElo "1969"]
[PlyCount "93"]
[EventDate "2011.??.??"]

1. e4 c5 2. Nf3 e6 3. d4 cxd4 4. Nxd4 a6 5. Be3 Nf6 6. Nd2 d5 7. e5 Nfd7 8. f4
Be7 9. Qh5 g6 10. Qh3 Nc6 11. N2f3 Qc7 12. c3 Na5 13. Bd3 Nc5 14. Bc2 Nc4 15.
Bc1 b5 16. O-O Bb7 17. Re1 Ne4 18. b3 Nb6 19. Bxe4 dxe4 20. Nd2 e3 21. Rxe3 Nd5
22. Rf3 Qb6 23. Bb2 Rc8 24. Kh1 b4 25. Nc4 Rxc4 26. bxc4 bxc3 27. Bxc3 Nxc3 28.
Rxc3 Qxd4 29. Rb1 O-O 30. Qe3 Qxe3 31. Rxe3 Bc5 32. Ree1 Bc6 33. h3 Rd8 34.
Red1 Rf8 35. Kh2 f6 36. exf6 Kf7 37. g4 Kxf6 38. Kg3 g5 39. fxg5+ Kxg5 40. h4+
Kg6 41. Rf1 Rd8 42. Rbd1 Rd4 43. Rxd4 Bxd4 44. h5+ Kg5 45. Rf8 e5 46. Rf5+ Kh6
47. Rf6+ 1-0

[Event "Turniej open"]
[Site "Ostroda"]
[Date "2011.08.05"]
[Round "2.6"]
[White "Ciesielski, Tomasz"]
[Black "Zielinski, Wojciech"]
[Result "0-1"]
[WhiteElo "1858"]
[BlackElo "2097"]
[PlyCount "204"]
[EventDate "2011.??.??"]

1. e4 e6 2. d4 d5 3. exd5 Qxd5 4. Nf3 Nf6 5. Be2 c5 6. O-O Nc6 7. Nc3 Qd8 8.
dxc5 Bxc5 9. Qxd8+ Kxd8 10. Bg5 Ke7 11. Ne4 Bb6 12. Rad1 h6 13. Bh4 Bc7 14.
Rfe1 g5 15. Nfxg5 hxg5 16. Bxg5 Bxh2+ 17. Kf1 Be5 18. f4 Kf8 19. Bxf6 Bxf6 20.
Nxf6 Ke7 21. Ne4 Nb4 22. Bd3 Bd7 23. Nc5 Nxd3 24. Nxd3 Rac8 25. c3 Bb5 26. Kg1
Rh4 27. f5 Rd8 28. Ne5 Rxd1 29. Rxd1 Rh5 30. f6+ Kxf6 31. Nf3 Bc6 32. Nd4 Bd5
33. b3 Rg5 34. Rd2 Ke5 35. Re2+ Kf6 36. c4 Bc6 37. Nxc6 bxc6 38. Rd2 Ke7 39.
Kf2 Re5 40. Rd3 Re4 41. Rd2 f5 42. Rd3 Rg4 43. Rh3 Rg7 44. Rd3 e5 45. c5 Rg6
46. Rh3 Ke6 47. Rh7 Kd5 48. b4 Kc4 49. a3 a6 50. Ra7 Kb5 51. Rd7 Rg4 52. Rd3
Rd4 53. Rc3 f4 54. Ke2 e4 55. Rb3 Kc4 56. Rb1 Rd3 57. a4 Ra3 58. b5 Ra2+ 59.
Kf1 axb5 60. axb5 Kxc5 61. b6 Ra8 62. b7 Rb8 63. Ke2 Kd6 64. Rd1+ Kc7 65. Rd4
Rg8 66. Rxe4 Rxg2+ 67. Kf3 Rg7 68. Rb4 Kb8 69. Kxf4 Rxb7 70. Rc4 Kc7 71. Ke5
Rb3 72. Kd4 Rh3 73. Rc1 Rh5 74. Rc5 Rh3 75. Rc2 Kd6 76. Rg2 Rh4+ 77. Kc3 c5 78.
Rg6+ Kd5 79. Rg5+ Kc6 80. Rg8 Rh6 81. Kc4 Rh4+ 82. Kc3 Rd4 83. Rg6+ Kb5 84. Rg5
Rc4+ 85. Kb3 Rc1 86. Kb2 Rh1 87. Rg2 Kb4 88. Kc2 c4 89. Kb2 Rh3 90. Kc2 Ra3 91.
Rg8 Ra2+ 92. Kc1 Kb3 93. Kd1 Ra1+ 94. Kd2 c3+ 95. Kd3 Rd1+ 96. Ke2 Rd5 97. Rb8+
Kc2 98. Ra8 Re5+ 99. Kf3 Kd2 100. Rd8+ Kc1 101. Rc8 c2 102. Rc7 Rb5 0-1

[Event "Turniej open"]
[Site "Ostroda"]
[Date "2011.08.05"]
[Round "2.8"]
[White "Rak, Tomasz"]
[Black "Gorniewicz, Oskar"]
[Result "0-1"]
[WhiteElo "2067"]
[BlackElo "1914"]
[PlyCount "68"]
[EventDate "2011.??.??"]

1. Nf3 g6 2. d4 Bg7 3. c4 c5 4. Nc3 cxd4 5. Nxd4 Nc6 6. Nc2 Bxc3+ 7. bxc3 Qa5
8. Ne3 Nf6 9. g3 O-O 10. Bg2 Qxc3+ 11. Bd2 Qd4 12. Rc1 Ne4 13. Rc2 Nxd2 14.
Rxd2 Qc5 15. h4 h5 16. g4 d6 17. gxh5 Qxh5 18. Rd5 Qh6 19. Rg5 Be6 20. Be4 Ne5
21. f4 f6 22. Nd5 fxg5 23. Nxe7+ Kf7 24. fxe5 Kxe7 25. Qxd6+ Kf7 26. h5 gxh5
27. Bd5 Rad8 28. Bxe6+ Kg7 29. Qe7+ Kh8 30. Bf7 h4 31. e6 h3 32. Qa3 g4 33.
Qc3+ Kh7 34. e7 Qh4+ 0-1

[Event "Turniej open"]
[Site "Ostroda"]
[Date "2011.08.05"]
[Round "2.9"]
[White "Zielinski, Maciej"]
[Black "Snihur, Piotr"]
[Result "1/2-1/2"]
[WhiteElo "2060"]
[BlackElo "1860"]
[PlyCount "109"]
[EventDate "2011.??.??"]

1. e4 c5 2. Nf3 d6 3. d4 cxd4 4. Nxd4 Nf6 5. Nc3 a6 6. Be2 e6 7. a4 Qc7 8. O-O
b6 9. f4 Nbd7 10. Bf3 Bb7 11. Qe2 Rc8 12. Bd2 Be7 13. Rae1 O-O 14. g4 Rfd8 15.
g5 Ne8 16. f5 e5 17. f6 gxf6 18. Nf5 Bf8 19. Nh6+ Bxh6 20. gxh6 f5 21. exf5
Bxf3 22. Rxf3 Ndf6 23. Qg2+ Kf8 24. Rd3 Qc6 25. Qxc6 Rxc6 26. Rxe5 dxe5 27.
Rxd8 Ke7 28. Rd3 Rd6 29. Rxd6 Kxd6 30. Kg2 Kc6 31. Bg5 Nd5 32. Ne4 f6 33. Bh4
Ne3+ 34. Kf3 Nxf5 35. Bxf6 Nd4+ 36. Kg4 Kd5 37. Nc3+ Ke6 38. Bd8 b5 39. axb5
axb5 40. Ne4 Nxc2 41. Ng5+ Kd7 42. Bb6 Nf6+ 43. Kf5 Ng8 44. Kxe5 Nxh6 45. h3
Nb4 46. Ke4 Nc6 47. Nxh7 Nf7 48. Bd4 Nd6+ 49. Kd3 Ke6 50. Bc3 Kf5 51. Nf8 Kg5
52. Be1 Ne5+ 53. Kc3 Nf3 54. Bd2+ Nxd2 55. Kxd2 1/2-1/2

[Event "Turniej open"]
[Site "Ostroda"]
[Date "2011.08.05"]
[Round "2.10"]
[White "Worobiej, Daniel"]
[Black "Reza, Wojciech"]
[Result "0-1"]
[WhiteElo "1796"]
[BlackElo "2026"]
[PlyCount "60"]
[EventDate "2011.??.??"]

1. d4 Nf6 2. c4 g6 3. Nc3 Bg7 4. e4 O-O 5. f4 d6 6. Nf3 c5 7. d5 e6 8. Be2 exd5
9. cxd5 Re8 10. e5 dxe5 11. fxe5 Ng4 12. e6 fxe6 13. d6 Bd7 14. O-O Qb6 15. Ne4
Nc6 16. Nfg5 Nge5 17. Be3 h6 18. Nh3 Rf8 19. Qd2 Nd4 20. Nxc5 Qxc5 21. Bxd4
Qxd6 22. Rfd1 Bc6 23. Qc2 Qd5 24. Bg4 Nf3+ 25. Bxf3 Bxd4+ 26. Kh1 Rxf3 27.
Qxg6+ Kf8 28. Qxh6+ Bg7 29. Rxd5 Bxh6 30. Rh5 Rf6 0-1

[Event "Turniej open"]
[Site "Ostroda"]
[Date "2011.08.05"]
[Round "3.1"]
[White "Bugalski, Michal"]
[Black "Reza, Wojciech"]
[Result "0-1"]
[WhiteElo "2240"]
[BlackElo "2026"]
[PlyCount "90"]
[EventDate "2011.??.??"]

1. c4 Nf6 2. Nc3 g6 3. g3 Bg7 4. Bg2 O-O 5. Nf3 d6 6. O-O Nbd7 7. d4 a6 8. Bf4
c5 9. d5 b5 10. a4 bxc4 11. Nd2 Nh5 12. Nxc4 Nxf4 13. gxf4 a5 14. Qd2 Nb6 15.
Na3 Bxc3 16. bxc3 Nxa4 17. Nc4 Nb6 18. Nxb6 Qxb6 19. Rfb1 Qc7 20. e4 Bd7 21. e5
Bf5 22. Re1 a4 23. Be4 Qc8 24. Qc2 Bxe4 25. Qxe4 a3 26. Ra2 Ra6 27. c4 Qg4+ 28.
Kh1 Rb8 29. Rg1 Qh4 30. Rga1 Rb3 31. exd6 exd6 32. f3 Qf6 33. Kg2 Kg7 34. Kg3
Ra7 35. Re1 Rb2 36. Re2 Rxe2 37. Qxe2 Qc3 38. h4 Rb7 39. Rc2 Qf6 40. h5 Rb2 41.
Qh2 g5 42. h6+ Kg6 43. f5+ Qxf5 44. Rxb2 Qe5+ 45. Kh3 axb2 0-1

[Event "Turniej open"]
[Site "Ostroda"]
[Date "2011.08.05"]
[Round "3.2"]
[White "Budrewicz, Krzysztof"]
[Black "Szmidt, Przemyslaw"]
[Result "1/2-1/2"]
[WhiteElo "2194"]
[BlackElo "2015"]
[PlyCount "136"]
[EventDate "2011.??.??"]

1. d4 c5 2. d5 e5 3. e4 d6 4. Nc3 Nf6 5. Nge2 g6 6. g3 b5 7. Bg2 b4 8. Nb1 Bg7
9. O-O O-O 10. a3 a5 11. axb4 cxb4 12. h3 Na6 13. Be3 Nd7 14. g4 Nac5 15. b3
Ba6 16. Re1 Qc7 17. Nd2 Rfc8 18. Ng3 Nb7 19. Ra2 Bb5 20. Bf1 Bxf1 21. Rxf1 Nbc5
22. Qa1 Ra6 23. Qb2 Nb6 24. Rfa1 Rca8 25. Qb1 Bf8 26. Qf1 Nbd7 27. Qc4 Qd8 28.
Kg2 Rc8 29. Qe2 Rca8 30. Nc4 a4 31. bxa4 Rxa4 32. Rxa4 Rxa4 33. Rb1 Qc8 34. Nd2
Ra2 35. Qc4 Qa6 36. Rxb4 Qxc4 37. Rxc4 Nb6 38. Rb4 Nbd7 39. c3 Nd3 40. Rb7 N7c5
41. Rb8 Kg7 42. h4 Nf4+ 43. Kh2 Nd7 44. Rb5 Rc2 45. c4 Nf6 46. f3 Nd3 47. h5 h6
48. hxg6 fxg6 49. Rb7+ Kg8 50. Kg1 Nb2 51. Rb8 Kf7 52. Rb7+ Kg8 53. Rc7 Nd1 54.
Ndf1 Nb2 55. Rc8 Kf7 56. g5 hxg5 57. Bxg5 Nh7 58. Bd2 Rxc4 59. Rb8 Rc2 60. Rb7+
Kg8 61. Rb6 Nc4 62. Rc6 Rxd2 63. Rxc4 Ra2 64. Nh2 Ng5 65. Rc1 Nh3+ 66. Kh1 Nf2+
67. Kg1 Nh3+ 68. Kh1 Nf2+ 1/2-1/2

[Event "Turniej open"]
[Site "Ostroda"]
[Date "2011.08.05"]
[Round "3.4"]
[White "Tvarijonas, Tomas"]
[Black "Lewandowski, Krzysztof"]
[Result "0-1"]
[WhiteElo "1992"]
[BlackElo "2140"]
[PlyCount "108"]
[EventDate "2011.??.??"]

1. e4 Nf6 2. e5 Nd5 3. d4 d6 4. c4 Nb6 5. f4 dxe5 6. fxe5 c5 7. d5 e6 8. Nc3
exd5 9. cxd5 c4 10. Nf3 Bg4 11. Bxc4 Nxc4 12. Qa4+ Nd7 13. Qxc4 Bxf3 14. e6
fxe6 15. gxf3 Rc8 16. Qg4 exd5 17. Bg5 Be7 18. Qe6 Rc6 19. Qxe7+ Qxe7+ 20. Bxe7
Kxe7 21. Nxd5+ Kf7 22. O-O Re8 23. Rae1 Re5 24. Nb4 Rg6+ 25. Kh1 Rxe1 26. Rxe1
Nc5 27. Re5 b6 28. Rd5 Ke6 29. Rd8 Ke5 30. Nc2 Ne6 31. Rd3 Nf4 32. Re3+ Kd6 33.
Nd4 Rg5 34. Ne2 Re5 35. Nd4 Rxe3 36. Nf5+ Kc5 37. Nxe3 g6 38. h4 a5 39. Kh2 Nd3
40. Nd1 b5 41. Kg3 h5 42. f4 b4 43. Kf3 Kd4 44. f5 gxf5 45. Ne3 Ne5+ 46. Ke2
Ke4 47. Nf1 f4 48. Nd2+ Kf5 49. Nb3 Nc4 50. Nd4+ Kg4 51. Nc6 Kg3 52. Nd4 Nxb2
53. Nf3 Nc4 54. Ne1 Ne5 0-1

[Event "Turniej open"]
[Site "Ostroda"]
[Date "2011.08.05"]
[Round "3.5"]
[White "Gorniewicz, Oskar"]
[Black "Kobus, Sebastian"]
[Result "0-1"]
[WhiteElo "1914"]
[BlackElo "2104"]
[PlyCount "112"]
[EventDate "2011.??.??"]

1. d4 g6 2. c4 d6 3. e4 Bg7 4. Nc3 Nf6 5. Nf3 O-O 6. Be2 c5 7. d5 e5 8. dxe6
Bxe6 9. Bf4 Ne8 10. Qd2 Nc6 11. Nb5 Ne5 12. Nxe5 dxe5 13. Qxd8 Rxd8 14. Be3 a6
15. Nc3 b6 16. Nd5 Bxd5 17. cxd5 Nd6 18. f3 a5 19. g4 f5 20. gxf5 gxf5 21. Bg5
Bf6 22. Rg1 Bxg5 23. Rxg5+ Kh8 24. Bd3 Rg8 25. Rg3 f4 26. Rxg8+ Kxg8 27. Kd2
Kf7 28. Rg1 Rg8 29. Rxg8 Kxg8 30. Bf1 Kf7 31. Bh3 Ke7 32. Kc3 Nb5+ 33. Kc4 Nd4
34. Bg4 a4 35. b4 axb3 36. axb3 Kd6 37. h4 h6 38. Kc3 b5 39. Kb2 b4 40. Bh5 Nb5
41. Kc2 Nd4+ 42. Kb2 Kc7 43. Bg4 Nb5 44. Bh5 Kb6 45. Kc2 c4 46. bxc4 Nd6 47.
Kd3 Kc5 48. Bg4 Nxc4 49. Bh5 Nd6 50. Bg4 Nb5 51. Kc2 Kc4 52. Kb2 Nd6 53. Bh5 b3
54. Bg4 Kb4 55. Be6 Nc4+ 56. Kb1 Kc3 0-1

[Event "Turniej open"]
[Site "Ostroda"]
[Date "2011.08.05"]
[Round "3.6"]
[White "Zielinski, Wojciech"]
[Black "Walczak, Krystian"]
[Result "1/2-1/2"]
[WhiteElo "2097"]
[BlackElo "1981"]
[PlyCount "37"]
[EventDate "2011.??.??"]

1. e4 e5 2. f4 d5 3. exd5 e4 4. Nc3 Nf6 5. d3 Bb4 6. dxe4 Nxe4 7. Nge2 Bg4 8.
Qd3 Nxc3 9. bxc3 Bd6 10. h3 Bc8 11. Nd4 O-O 12. Be2 Nd7 13. O-O Nc5 14. Qf3 Qf6
15. Be3 Re8 16. Rae1 c6 17. dxc6 bxc6 18. Bd3 Bb7 19. Rb1 1/2-1/2

[Event "Turniej open"]
[Site "Ostroda"]
[Date "2011.08.05"]
[Round "3.7"]
[White "Cartier, Nicolas"]
[Black "Maruszczak, Joanna"]
[Result "1/2-1/2"]
[WhiteElo "2076"]
[BlackElo "1735"]
[PlyCount "34"]
[EventDate "2011.??.??"]

1. e4 c5 2. Nf3 Nc6 3. d4 cxd4 4. Nxd4 g6 5. Nc3 Bg7 6. Be3 Nf6 7. Be2 O-O 8.
O-O d5 9. exd5 Nb4 10. Nb3 Nbxd5 11. Nxd5 Qxd5 12. Bf3 Qxd1 13. Raxd1 Bg4 14.
Bxg4 Nxg4 15. Bd4 Rfd8 16. Bxg7 Kxg7 17. h3 Nf6 1/2-1/2

[Event "Turniej open"]
[Site "Ostroda"]
[Date "2011.08.05"]
[Round "3.8"]
[White "Snihur, Piotr"]
[Black "Vorobyov, Yrij"]
[Result "1/2-1/2"]
[WhiteElo "1860"]
[BlackElo "2210"]
[PlyCount "55"]
[EventDate "2011.??.??"]

1. e4 c5 2. Nf3 a6 3. d4 cxd4 4. Nxd4 Nf6 5. Nc3 e5 6. Nb3 Bb4 7. Bd3 d5 8.
exd5 Nxd5 9. Bd2 Bxc3 10. bxc3 Qh4 11. Qf3 Nf6 12. O-O O-O 13. Nc5 Nc6 14. Ne4
Nxe4 15. Qxe4 Qxe4 16. Bxe4 Be6 17. f4 Rfd8 18. Be3 Bd5 19. Bd3 e4 20. Be2 b5
21. f5 Ne5 22. Rf4 Bc6 23. Bd4 f6 24. Rff1 Nf7 25. Rfd1 Ne5 26. g4 Nc4 27. Kf2
Nb2 28. Rdb1 1/2-1/2

[Event "Turniej open"]
[Site "Ostroda"]
[Date "2011.08.05"]
[Round "3.10"]
[White "Gorecka, Joanna"]
[Black "Wodzynski, Mieszko"]
[Result "1-0"]
[WhiteElo "2113"]
[BlackElo "1776"]
[PlyCount "53"]
[EventDate "2011.??.??"]

1. e4 e5 2. Nf3 Nc6 3. Bb5 a6 4. Bxc6 dxc6 5. O-O Bg4 6. h3 Bxf3 7. Qxf3 Nf6 8.
c3 Qd7 9. Rd1 O-O-O 10. d4 c5 11. d5 Be7 12. Nd2 b5 13. a4 c6 14. axb5 axb5 15.
c4 cxd5 16. cxd5 Kb7 17. Nb3 Ra8 18. Rxa8 Kxa8 19. Be3 Qc7 20. Ra1+ Kb7 21.
Na5+ Kb6 22. Nc6 Rb8 23. b4 Bd6 24. bxc5+ Bxc5 25. Bxc5+ Kxc5 26. Qc3+ Kd6 27.
Qxe5+ 1-0

[Event "Turniej open"]
[Site "?"]
[Date "2011.08.06"]
[Round "4.1"]
[White "Reza, Wojciech"]
[Black "Lewandowski, Krzysztof"]
[Result "0-1"]
[WhiteElo "2026"]
[BlackElo "2140"]
[PlyCount "78"]
[EventDate "2011.??.??"]

1. e4 Nf6 2. e5 Nd5 3. d4 d6 4. exd6 cxd6 5. Nf3 g6 6. Bc4 Nb6 7. Bb3 Bg7 8.
O-O O-O 9. Re1 Nc6 10. c3 Bf5 11. Bg5 d5 12. Nbd2 Re8 13. Nf1 Na5 14. Ng3 Bd7
15. Qe2 Nxb3 16. axb3 f6 17. Bf4 Nc8 18. h4 Qb6 19. Qc2 Nd6 20. Bxd6 Qxd6 21.
h5 e5 22. hxg6 e4 23. gxh7+ Kf7 24. Nxe4 dxe4 25. Rxe4 Qd5 26. Rf4 Bh6 27. c4
Qh5 28. Re4 Bf5 29. Rxe8 Rxe8 30. Qc3 Bf4 31. Qa5 Qxh7 32. Qd5+ Kg6 33. g3 Bg5
34. Nxg5 Kxg5 35. g4 Kxg4 36. Qg2+ Kh5 37. Ra5 Re1+ 38. Kh2 Kh6 39. Qh3+ Bxh3
0-1

[Event "Turniej open"]
[Site "Ostroda"]
[Date "2011.08.06"]
[Round "4.2"]
[White "Szewczak, Andrzej"]
[Black "Kobus, Sebastian"]
[Result "0-1"]
[WhiteElo "2005"]
[BlackElo "2104"]
[PlyCount "130"]
[EventDate "2011.??.??"]

1. e4 e5 2. Nf3 Nf6 3. Nxe5 d6 4. Nxf7 Kxf7 5. d4 c5 6. dxc5 Be7 7. Bc4+ d5 8.
Bxd5+ Nxd5 9. exd5 Bxc5 10. O-O Rf8 11. Be3 Bd6 12. c4 b6 13. f4 Kg8 14. Nc3
Qe7 15. Qd2 Bc5 16. Rae1 Ba6 17. b3 Nd7 18. Bd4 Bxd4+ 19. Qxd4 Qc5 20. Qxc5
Nxc5 21. Re7 Rf7 22. Rfe1 Kf8 23. Rxf7+ Kxf7 24. Re3 Re8 25. Kf2 Rb8 26. b4 Nd7
27. Ne4 Nf6 28. Nd6+ Kf8 29. h3 Rd8 30. Ra3 Rxd6 31. Rxa6 Rd7 32. Ke3 b5 33. d6
bxc4 34. Kd4 Ne8 35. Ke5 Rxd6 36. Rxd6 Nxd6 37. Kd4 Ke7 38. a4 a6 39. g4 Ke6
40. b5 axb5 41. axb5 Nxb5+ 42. Kxc4 Nc7 43. Kd4 Nd5 44. Ke4 Nf6+ 45. Kd4 h5 46.
f5+ Ke7 47. g5 Ne8 48. Ke5 Kf7 49. h4 g6 50. fxg6+ Kxg6 51. Kf4 Ng7 52. Kg3
Nf5+ 53. Kh3 Kg7 54. Kg2 Nxh4+ 55. Kg3 Nf5+ 56. Kf4 Kg6 57. Kf3 Kxg5 58. Kg2
Kg4 59. Kh2 Ne3 60. Kg1 Kg3 61. Kh1 Ng4 62. Kg1 Nf2 63. Kf1 h4 64. Kg1 h3 65.
Kf1 h2 0-1

[Event "Turniej open"]
[Site "?"]
[Date "2011.08.06"]
[Round "4.3"]
[White "Zielinski, Maciej"]
[Black "Budrewicz, Krzysztof"]
[Result "1/2-1/2"]
[WhiteElo "2060"]
[BlackElo "2194"]
[PlyCount "109"]
[EventDate "2011.??.??"]

1. e4 e5 2. Nf3 Nc6 3. Bb5 a6 4. Bxc6 dxc6 5. O-O f6 6. d4 exd4 7. Nxd4 c5 8.
Nb3 Qxd1 9. Rxd1 Bd6 10. Be3 b6 11. Nc3 Ne7 12. Ne2 Bb7 13. f3 g5 14. Nd2 O-O-O
15. Nc4 h6 16. h3 Rhe8 17. Nc3 Ng8 18. Kf2 Be7 19. Rxd8+ Bxd8 20. g4 Ne7 21.
Ne2 Nc6 22. Ng3 Be7 23. h4 b5 24. Na3 Ne5 25. Nf5 Bf8 26. Rd1 Bc6 27. b3 Bd7
28. c4 b4 29. Nc2 a5 30. Ne1 Be6 31. hxg5 hxg5 32. Nd3 Rd8 33. Ke2 Nxc4 34.
Bxc5 Rxd3 35. Bxf8 Rxd1 36. Kxd1 Ne5 37. Nd4 Kd7 38. Nxe6 Kxe6 39. Ke2 Nd7 40.
Bh6 Kf7 41. f4 Kg6 42. e5 Nxe5 43. fxe5 Kxh6 44. Kd3 fxe5 45. Ke4 Kg6 46. Kxe5
Kf7 47. Kf5 c5 48. Ke5 c4 49. bxc4 a4 50. Kd4 Ke6 51. c5 b3 52. axb3 axb3 53.
Kc3 Kd5 54. Kxb3 Kxc5 55. Kc3 1/2-1/2

[Event "Turniej open"]
[Site "Ostroda"]
[Date "2011.08.06"]
[Round "4.4"]
[White "Szmidt, Przemyslaw"]
[Black "Zielinski, Wojciech"]
[Result "0-1"]
[WhiteElo "2015"]
[BlackElo "2097"]
[PlyCount "68"]
[EventDate "2011.??.??"]

1. e4 e6 2. d4 d5 3. Nc3 Nf6 4. Bd3 c5 5. dxc5 dxe4 6. Bb5+ Bd7 7. Qe2 Nc6 8.
Bg5 Nd4 9. Bxd7+ Qxd7 10. Qd1 O-O-O 11. Bxf6 gxf6 12. Nxe4 Qc6 13. Nd6+ Bxd6
14. Qxd4 Bxc5 15. Qxf6 Qxg2 16. Qf3 Bxf2+ 17. Ke2 Rhg8 18. Qxg2 Rxg2 19. Kf3
Rxg1 20. Rhxg1 Bxg1 21. Rxg1 Rd2 22. Rg8+ Kc7 23. Rg7 Rxh2 24. Rxf7+ Kb6 25.
Re7 Rxc2 26. Rxe6+ Ka5 27. b4+ Kxb4 28. Re7 b5 29. Rxa7 h5 30. a3+ Kb3 31. Kg3
Ra2 32. Rh7 Kxa3 33. Rxh5 b4 34. Kf3 Rd2 0-1